Contingent valuation : a critical assessment
Αποθηκεύτηκε σε:
| Άλλοι συγγραφείς: | |
|---|---|
| Μορφή: | Βιβλίο |
| Γλώσσα: | English |
| Δημοσίευση: |
Amsterdam :
Elsevier Science,
1993
|
| Σειρά: | Contributions to economic analysis ;
; 220 |
| Θέματα: | |
| Ετικέτες: |
Προσθήκη ετικέτας
Δεν υπάρχουν, Καταχωρήστε ετικέτα πρώτοι!
|
MARC
| LEADER | 00000nam a2200000 i 4500 | ||
|---|---|---|---|
| 001 | 1/9428 | ||
| 008 | 970225s1993 eng d | ||
| 020 | |a 0-444-81469-8 | ||
| 035 | |l 10017469 | ||
| 040 | |a GR-MY-UA |b gre |e aacr | ||
| 041 | 0 | |a eng | |
| 082 | 0 | |a 338.521 | |
| 245 | 1 | 0 | |a Contingent valuation : |b a critical assessment / |c Edited by Jerry A. Hausman |
| 260 | |a Amsterdam : |b Elsevier Science, |c 1993 | ||
| 300 | |a 503 p. | ||
| 490 | 1 | |a Contributions to economic analysis |v ; 220 | |
| 504 | |a Includes bibliographical references and index | ||
| 650 | 0 | 0 | |a Value |x Congresses. |
| 700 | 1 | |a Hausman, Jerry A. |4 edt | |
| 830 | 0 | |a Contributions to economic analysis ; |v ; 220 | |
| 852 | |a INST |b LESVOS |e 19970225 |h 338.521 CON |p 005100011911 |q 005100011911 |t BK |y 0 | ||
| 909 | |a Λ |b 035353 | ||